New promising hybrid clones of rubber (Hevea brasiliensis) (Record no. 63886)

MARC details
000 -LEADER
fixed length control field 00473nam a2200181Ia 4500
100 ## - MAIN ENTRY--AUTHOR NAME
Personal name Mathew N M
245 #0 - TITLE STATEMENT
Title New promising hybrid clones of rubber (Hevea brasiliensis)
260 ## - PUBLICATION, DISTRIBUTION, ETC. (IMPRINT)
Name of publisher Indian Rubber Journal
Year of publication 2003
300 ## - PHYSICAL DESCRIPTION
Number of Pages 28-29
650 ## - SUBJECT ADDED ENTRY--TOPICAL TERM
Topical Term Hevea brasiliensis
650 ## - SUBJECT ADDED ENTRY--TOPICAL TERM
Topical Term Hybrid clones
650 ## - SUBJECT ADDED ENTRY--TOPICAL TERM
Topical Term RRII 400 series
650 ## - SUBJECT ADDED ENTRY--TOPICAL TERM
Topical Term Rubber
700 ## - ADDED ENTRY--PERSONAL NAME
Personal name Licy J
700 ## - ADDED ENTRY--PERSONAL NAME
Personal name Saraswathyamma C K
942 ## - ADDED ENTRY ELEMENTS (KOHA)
Koha item type Journals
Holdings
Withdrawn status Lost status Damaged status Not for loan Home library Current library Shelving location Date acquired Serial Enumeration / chronology Koha item type
      Journals RRII Library RRII Library Botany 20/03/2003 Volume 67, Issue Ja-Fe Journals